000 00934cam a2200313 a 4500
008
020 _a0195082486 (pbk.)
020 _a0195082478 (hbk.)
049 _aMAIN
090 _aQH452
_bGIL
100 1 _aGillham, Nicholas W.
245 1 0 _aOrganelle genes and genomes /
_cNicholas W. Gillham.
260 _aNew York :
_bOxford University Press,
_c1994.
300 _axii, 424 p. :
_bill. ;
_c24 cm.
504 _aIncludes bibliographical references.
500 _aIncludes index.
650 0 _aExtrachromosomal DNA.
650 0 _aCytoplasmic inheritance.
650 0 _aMitochondria.
650 0 _aChloroplasts.
650 1 2 _aExtrachromosomal Inheritance.
650 2 2 _aMitochondria
_xgenetics.
650 2 2 _aChloroplasts
_xgenetics.
907 _a.b10003046
_b02-09-09
_c17-04-03
003
005 20230123133112.0
040 _cNUST
942 _cBOOKS
_kQH452
_mGIL
999 _c142749
_d142749